Least popular constellations - Statistics

General Stats
  • This quiz has been taken 2 times
  • The average score is 11 of 15
Answer Stats
Hint Answer % Correct
13% Caelum
100%
13% Horologium
100%
12% Pictor
100%
12% Reticulum
100%
12% Sculptor
100%
12% Tucana
100%
13% Volans
100%
12% Circinus
50%
13% Equuleus
50%
13% Norma
50%
13% Octans
50%
13% Pavo
50%
13% Scutum
50%
13% Triangulum Australe
50%
13% Chamaeleon
0%
No matching quizzes found
Score Distribution
Percent of People with Each Score
Percentile by Number Answered
Your Score History
You have not taken this quiz